Spanish Word Translations A-Z - Statistics

General Stats
  • This quiz has been taken 163 times
    162 since last reset
  • The average score is 19 of 25
Answer Stats
Letter Translation Word % Correct
C House Casa
96%
A Grandmother Abuela
93%
G Cat Gato
93%
S Yes
93%
D Money Dinero
92%
N Christmas Navidad
91%
E School Escuela
88%
P Chicken Pollo
88%
R Red Rojo
87%
Y I Yo
83%
H Son Hijo
82%
M Apple Manzana
81%
O Gold Oro
76%
U You (formal) Usted
74%
Z Shoe Zapato
74%
I Church Iglesia
70%
J Ham Jamón
70%
L Lake Lago
70%
T Late Tarde
70%
V Twenty Veinte
64%
F Beans Frijoles
60%
K Kilometer Kilómetro
54%
Q To want Querer
47%
B Steak Bistec
45%
X Xylophone Xilófono
31%
No matching quizzes found
Score Distribution
Percent of People with Each Score
Percentile by Number Answered
Your Score History
You have not taken this quiz since the last reset